Conviviendo en la orilla: exlusión social y violencia en el Area Metropolitana de San Salvador /
Gardado en:
| Autor Principal: | |
|---|---|
| Outros autores: | |
| Formato: | Texto |
| Publicado: |
San Salvador:
FLACSO. Programa El Salvador
|
| Materias: | |
| Etiquetas: |
Engadir etiqueta
Sen Etiquetas, Sexa o primeiro en etiquetar este rexistro!
|
MARC
| LEADER | 00000 a a2200000 04500 | ||
|---|---|---|---|
| 001 | 29248 | ||
| 003 | |||
| 040 | |||
| 020 | |a 99923-33-15-4 | ||
| 090 | |a 191600 | ||
| 100 | |a Savenije, Wim | ||
| 245 | |a Conviviendo en la orilla: exlusión social y violencia en el Area Metropolitana de San Salvador / |c Wim Savenije | ||
| 260 | |a San Salvador: |b FLACSO. Programa El Salvador | ||
| 300 | |a 349 p. |b il. |b |b gráficas | ||
| 500 | |a Incluye anexo metodológico y encuesta | ||
| 650 | |a VIOLENCIA | ||
| 650 | |a ZONAS URBANAS | ||
| 650 | |a DESARROLLO HUMANO | ||
| 650 | |a SALVADOREÑOS | ||
| 650 | |a JUVENTUD URBANA | ||
| 650 | |a MARGINALIDAD | ||
| 650 | |a VIOLENCIA | ||
| 650 | |a NECESIDADES BASICAS | ||
| 650 | |a VIOLENCIA INTRAFAMILIAR | ||
| 700 | |a Andrade - Eekhoff, Katharine | ||
| 999 | |c 13465 |d 13465 | ||



